[Event "Women's Speed Chess Q2"]
[Site "chess.com INT"]
[Date "2020.06.19"]
[Round "11"]
[White "Osmak, Iulija"]
[Black "Kubicka, Anna"]
[Result "0-1"]
[WhiteTitle "IM"]
[BlackTitle "WIM"]
[WhiteElo "2438"]
[BlackElo "2256"]
[WhiteFideId "14101602"]
[BlackFideId "1152254"]
[EventDate "2020.06.19"]

1. d4 Nf6 2. c4 e6 3. Nc3 Bb4 4. e3 O-O 5. Bd3 d5 6. Nf3 b6 7. O-O Bb7 8. a3
Bxc3 9. bxc3 dxc4 10. Bxc4 c5 11. Bd3 Qc7 12. a4 Nbd7 13. Ba3 Rfe8 14. a5 Rad8
15. axb6 axb6 16. Qe2 e5 17. dxe5 Bxf3 18. gxf3 Nxe5 19. Bb5 Rd2 20. Qxd2 Nxf3+
21. Kg2 Nxd2 22. Bxe8 Nxf1 23. Bb5 Qxh2+ 24. Kf3 Qh1+ 25. Kf4 Qe4+ 26. Kg5 h6# 0-1

[Event "Women's Speed Chess Q2"]
[Site "chess.com INT"]
[Date "2020.06.19"]
[Round "11"]
[White "Gomez Barrera, Javiera Belen"]
[Black "Balabayeva, Xeniya"]
[Result "1-0"]
[WhiteTitle "WIM"]
[BlackTitle "WFM"]
[WhiteElo "2083"]
[BlackElo "2146"]
[WhiteFideId "3418723"]
[BlackFideId "13719688"]
[EventDate "2020.06.19"]

1. e4 e6 2. d4 d5 3. Nc3 Bb4 4. e5 c5 5. a3 Bxc3+ 6. bxc3 Ne7 7. Qg4 O-O 8. Bd3
Nbc6 9. Nf3 Nf5 10. O-O b6 11. Bg5 Qe8 12. Bf6 Kh8 13. Bxf5 gxf6 14. Bxh7 f5 15.
Qh4 Kg7 16. Qf6+ Kxh7 17. Ng5+ Kg8 18. Qh6 f6 19. Qh7# 1-0

[Event "Women's Speed Chess Q2"]
[Site "chess.com INT"]
[Date "2020.06.19"]
[Round "11"]
[White "Rivera, Ingris"]
[Black "Meenakshi, Subbaraman"]
[Result "1-0"]
[WhiteTitle "WIM"]
[BlackTitle "WGM"]
[WhiteElo "2249"]
[BlackElo "2171"]
[WhiteFideId "4402472"]
[BlackFideId "5004381"]
[EventDate "2020.06.19"]

1. d4 Nf6 2. c4 g6 3. Nc3 Bg7 4. e4 d6 5. f4 O-O 6. Nf3 Nbd7 7. Bd3 e5 8. fxe5
dxe5 9. d5 c6 10. O-O cxd5 11. exd5 Qb6+ 12. Kh1 Ng4 13. Qe2 Nc5 14. Bc2 e4 15.
Nxe4 Nxe4 16. Bxe4 Re8 17. Qc2 Rxe4 18. Qxe4 Bf5 19. Qe1 Bc8 20. h3 Bf5 21. hxg4
Bxg4 22. Qf2 Qf6 23. Bg5 Qf5 24. Be7 Qh5+ 25. Qh4 Qf5 26. Nh2 1-0

[Event "Women's Speed Chess Q2"]
[Site "chess.com INT"]
[Date "2020.06.19"]
[Round "11"]
[White "Golubenko, Valentina"]
[Black "Mikheeva, Galina"]
[Result "1-0"]
[WhiteTitle "WGM"]
[BlackTitle "WFM"]
[WhiteElo "2209"]
[BlackElo "1901"]
[WhiteFideId "4501993"]
[BlackFideId "44108320"]
[EventDate "2020.06.19"]

1. d4 Nf6 2. g3 e6 3. Bg2 c5 4. c4 cxd4 5. Qxd4 Nc6 6. Qf4 b6 7. Nf3 Bb7 8. O-O
d5 9. Rd1 Bd6 10. Qg5 O-O 11. Nc3 Ne4 12. Nxe4 dxe4 13. Qxd8 Rfxd8 14. Ng5 f5
15. Nxe6 Rd7 16. c5 bxc5 17. Nxc5 Bxc5 18. Rxd7 Ba6 19. Rc7 Rc8 20. Rxc8+ Bxc8
21. Bf4 Nd4 22. Bf1 Ba6 23. Rc1 Bb6 24. e3 Ne2+ 25. Bxe2 Bxe2 26. Be5 Kf7 27.
Bc7 Ke8 28. Bxb6 axb6 29. Rc7 Kf8 30. a4 Bd1 31. Rb7 Bxa4 32. Rxb6 Ke7 33. Rb7+
Kf6 34. b4 Ke6 35. Rxg7 Kd6 36. Rxh7 1-0

[Event "Women's Speed Chess Q2"]
[Site "chess.com INT"]
[Date "2020.06.19"]
[Round "11"]
[White "Shpanko, Nadiia"]
[Black "Kovacs, Klara"]
[Result "0-1"]
[WhiteTitle "WIM"]
[BlackTitle "WIM"]
[WhiteElo "2235"]
[BlackElo "2154"]
[WhiteFideId "14132400"]
[BlackFideId "733210"]
[EventDate "2020.06.19"]

1. d4 Nf6 2. c4 e6 3. Nc3 d5 4. Nf3 Be7 5. Bf4 O-O 6. e3 Nbd7 7. h3 c5 8. cxd5
Nxd5 9. Nxd5 exd5 10. Bd3 c4 11. Bc2 b5 12. a3 a5 13. O-O Bb7 14. Qe2 b4 15.
axb4 axb4 16. Bf5 Nf6 17. Nd2 Qb6 18. Be5 Rxa1 19. Rxa1 Ra8 20. Rxa8+ Bxa8 21.
e4 c3 22. bxc3 bxc3 23. Bxf6 cxd2 24. exd5 Qxf6 25. Bc2 Bxd5 26. Qxd2 g6 27. Ba4
Kg7 0-1

[Event "Women's Speed Chess Q2"]
[Site "chess.com INT"]
[Date "2020.06.19"]
[Round "11"]
[White "Paramzina, Anastasya"]
[Black "Ovezdurdiyeva, Jemal"]
[Result "0-1"]
[WhiteTitle "WGM"]
[BlackTitle "WFM"]
[WhiteElo "2209"]
[BlackElo "2061"]
[WhiteFideId "4165012"]
[BlackFideId "14001888"]
[EventDate "2020.06.19"]

1. e4 c5 2. Nf3 d6 3. d4 cxd4 4. Nxd4 Nf6 5. Nc3 a6 6. Nb3 e5 7. Bg5 Be6 8. f4
exf4 9. Qd2 Nc6 10. O-O-O h6 11. Bxf4 Be7 12. Bxd6 O-O 13. e5 Ng4 14. Bxe7 Qxe7
15. Bd3 Ncxe5 16. h3 Nxd3+ 17. cxd3 Bxb3 18. axb3 Nf6 19. g4 Qb4 20. g5 hxg5 21.
Qxg5 Qxb3 22. Rhg1 Ne8 23. Rde1 f6 24. Qg4 Rf7 25. Kb1 Nd6 26. Re6 Nb5 27. Nxb5
Qxd3+ 28. Kc1 axb5 0-1

[Event "Women's Speed Chess Q2"]
[Site "chess.com INT"]
[Date "2020.06.19"]
[Round "11"]
[White "Gunina, Valentina"]
[Black "Sihite, Chelsie Monica Ignesias"]
[Result "1-0"]
[WhiteTitle "GM"]
[BlackTitle "WIM"]
[WhiteElo "2431"]
[BlackElo "2252"]
[WhiteFideId "4167570"]
[BlackFideId "7101198"]
[EventDate "2020.06.19"]

1. e4 e5 2. Nf3 Nc6 3. Bc4 Bc5 4. c3 Nf6 5. d4 exd4 6. e5 d5 7. Bb5 Ne4 8. cxd4
Bb4+ 9. Bd2 Nxd2 10. Nbxd2 O-O 11. O-O Bg4 12. Qa4 Bxd2 13. Nxd2 Ne7 14. h3 Be6
15. Qb3 c6 16. Bd3 Qc7 17. Rac1 f6 18. Rfe1 f5 19. Qc3 Qb6 20. Nb3 f4 21. Nc5
Bf5 22. Qd2 f3 23. Bxf5 Rxf5 24. g4 Rf7 25. e6 Rff8 26. Nd7 Qc7 27. Nxf8 Rxf8
28. Qg5 h6 29. Qe5 Qb6 30. Qd6 Re8 31. Rc3 Ng6 32. e7 Kh7 33. Qd7 Qxb2 34. Qxe8
Qxc3 35. Qxg6+ Kxg6 36. e8=Q+ 1-0

[Event "Women's Speed Chess Q2"]
[Site "chess.com INT"]
[Date "2020.06.19"]
[Round "11"]
[White "Ziegenfuss, Antonia"]
[Black "Franco Valencia, Beatriz Irene"]
[Result "1-0"]
[WhiteTitle "WFM"]
[BlackTitle "WGM"]
[WhiteElo "2101"]
[BlackElo "2103"]
[WhiteFideId "12962554"]
[BlackFideId "4402618"]
[EventDate "2020.06.19"]

1. d4 d6 2. c4 e5 3. Nc3 exd4 4. Qxd4 Nc6 5. Qd2 g6 6. b3 Bg7 7. Bb2 Nf6 8. Nf3
O-O 9. g3 a5 10. Bg2 a4 11. Nxa4 Ne4 12. Qc1 Rxa4 13. bxa4 Be6 14. Bxg7 Kxg7 15.
O-O f5 16. Nd2 Nxd2 17. Qxd2 Qf6 18. Bd5 Ne5 19. Bxe6 Qxe6 20. Qd5 Qd7 21. c5
Nf7 22. cxd6 cxd6 23. Rab1 Qxa4 24. Rxb7 Kg8 25. Rc1 Qe8 26. Rcc7 h6 27. Re7 1-0

[Event "Women's Speed Chess Q2"]
[Site "chess.com INT"]
[Date "2020.06.19"]
[Round "11"]
[White "Dwilewicz, Katarzyna"]
[Black "Morris-Suzuki, Sophie"]
[Result "0-1"]
[WhiteTitle "WFM"]
[BlackTitle "WFM"]
[WhiteElo "2120"]
[BlackElo "2043"]
[WhiteFideId "1148486"]
[BlackFideId "30922615"]
[EventDate "2020.06.19"]

1. e4 c5 2. Nf3 e6 3. d4 cxd4 4. Nxd4 a6 5. Be2 Qc7 6. O-O Nf6 7. Nc3 Nc6 8. Be3
Bb4 9. Na4 O-O 10. Nxc6 bxc6 11. Nb6 Rb8 12. Nxc8 Rfxc8 13. Bd3 Bd6 14. h3 Rxb2
15. Bxa6 Ra8 16. Bd3 Rbxa2 17. Rxa2 Rxa2 18. f4 e5 19. f5 Ra8 20. g4 Qa5 21. Kg2
Bc5 22. Bd2 Bb4 23. Be3 d5 24. exd5 Nxd5 25. Bc1 Nc3 26. Qf3 Qd5 27. f6 e4 28.
Bxe4 Qxe4 29. Qxe4 Nxe4 30. Rf4 Bd2 31. Bxd2 Nxd2 32. Rd4 Nb1 33. fxg7 Kxg7 34.
Rc4 Ra2 35. Rxc6 Na3 36. Kg3 Rxc2 37. Ra6 Nc4 38. h4 Ne5 39. Kf4 Ng6+ 40. Kg3
Rc3+ 41. Kf2 Nxh4 0-1

[Event "Women's Speed Chess Q2"]
[Site "chess.com INT"]
[Date "2020.06.19"]
[Round "11"]
[White "Anu, Bayar"]
[Black "Mukhina, Jana"]
[Result "0-1"]
[WhiteTitle "WFM"]
[BlackTitle "WFM"]
[WhiteElo "2102"]
[BlackElo "2068"]
[WhiteFideId "4901339"]
[BlackFideId "34115428"]
[EventDate "2020.06.19"]

1. d4 Nf6 2. c4 g6 3. Nc3 Bg7 4. e4 d6 5. Bd3 O-O 6. Nge2 Nc6 7. O-O e5 8. d5
Ne7 9. h3 a5 10. Be3 Nd7 11. a3 b6 12. Rb1 Nc5 13. Bc2 f5 14. exf5 Nxf5 15. b4
axb4 16. axb4 Nxe3 17. fxe3 Nd7 18. Qd2 Ba6 19. Bd3 Nf6 20. e4 Nh5 21. Rxf8+
Qxf8 22. Rf1 Qe7 23. Qe3 Rf8 24. Rxf8+ Qxf8 25. b5 Bc8 26. Qf2 Nf4 27. Nxf4 exf4
28. Ne2 g5 29. Nd4 Bxd4 30. Qxd4 Qg7 31. Qxg7+ Kxg7 32. Kf2 Kf6 33. Kf3 Ke5 34.
Bf1 h5 35. g4 fxg3 36. Bg2 Bxh3 37. Bxh3 g4+ 38. Bxg4 hxg4+ 39. Kxg3 Kxe4 40.
Kxg4 Kd4 41. Kf5 Kxc4 42. Ke6 Kxb5 43. Kd7 Kc5 44. Kxc7 b5 45. Kd7 b4 46. Ke6 b3
47. Kf5 b2 48. Ke4 b1=Q+ 49. Kf4 Qb4+ 50. Kg5 Kxd5 51. Kf6 Ke4 52. Ke7 d5+ 53.
Kd7 d4 54. Kc6 d3 55. Kc7 d2 56. Kc6 d1=Q 57. Kc7 Qc3+ 58. Kb6 Qb1+ 59. Ka6
Qca1# 0-1

[Event "Women's Speed Chess Q2"]
[Site "chess.com INT"]
[Date "2020.06.19"]
[Round "11"]
[White "Linares Napoles, Oleiny"]
[Black "Bartel, Marta"]
[Result "1-0"]
[WhiteTitle "WGM"]
[BlackTitle "WGM"]
[WhiteElo "2215"]
[BlackElo "2192"]
[WhiteFideId "3504794"]
[BlackFideId "1123009"]
[EventDate "2020.06.19"]

1. c4 f5 2. Nc3 Nf6 3. g3 g6 4. Bg2 Bg7 5. Nf3 O-O 6. O-O d6 7. d4 c6 8. d5 c5
9. Ng5 h6 10. Ne6 Bxe6 11. dxe6 Nc6 12. e4 fxe4 13. Nxe4 Nxe4 14. Bxe4 Rf6 15.
Be3 Kh7 16. Bd5 Qb6 17. Qd2 Nd4 18. Bxd4 cxd4 19. Rad1 Rf5 20. b3 Raf8 21. Kg2
Qc5 22. Bxb7 a5 23. f4 a4 24. Be4 R5f6 25. Qxd4 Rxe6 26. Qd3 axb3 27. axb3 Qb4
28. Rf2 Rb8 29. f5 Rf6 30. fxg6+ Kh8 31. Rxf6 Bxf6 32. Qe3 Kg7 33. Rd3 Rb6 34.
Bd5 Ra6 35. Qe6 Ra2+ 36. Kh3 Kxg6 37. Qf7+ Kg5 38. Be4 1-0

[Event "Women's Speed Chess Q2"]
[Site "chess.com INT"]
[Date "2020.06.19"]
[Round "11"]
[White "Nurmanova, Alua"]
[Black "De Seroux, Camille"]
[Result "1-0"]
[WhiteTitle "WFM"]
[BlackTitle "WIM"]
[WhiteElo "2026"]
[BlackElo "2137"]
[WhiteFideId "13729390"]
[BlackFideId "1305620"]
[EventDate "2020.06.19"]

1. e4 c5 2. Nf3 d6 3. d4 cxd4 4. Nxd4 Nf6 5. Nc3 Nc6 6. Bc4 e6 7. Be3 Be7 8. Qe2
O-O 9. O-O-O Bd7 10. g4 a6 11. g5 Ne8 12. h4 b5 13. Bb3 Na5 14. f4 Nxb3+ 15.
cxb3 b4 16. Na4 Qa5 17. Kb1 Bxa4 18. bxa4 Qxa4 19. h5 Nc7 20. g6 Bf6 21. h6 hxg6
22. Qh2 Rfc8 23. e5 Nd5 24. exf6 Nxe3 25. hxg7 1-0

[Event "Women's Speed Chess Q2"]
[Site "chess.com INT"]
[Date "2020.06.19"]
[Round "11"]
[White "Eswaran, Ashritha"]
[Black "Socko, Monika"]
[Result "0-1"]
[WhiteTitle "WIM"]
[BlackTitle "GM"]
[WhiteElo "2244"]
[BlackElo "2428"]
[WhiteFideId "2080788"]
[BlackFideId "1106619"]
[EventDate "2020.06.19"]

1. e4 e6 2. d4 d5 3. Nc3 Nf6 4. Bg5 Bb4 5. e5 h6 6. Bd2 Bxc3 7. bxc3 Ne4 8. Qg4
g6 9. h4 c5 10. Ne2 Nc6 11. h5 g5 12. f4 f5 13. exf6 Nxf6 14. Qg3 Ne4 15. Qe3
cxd4 16. cxd4 Bd7 17. fxg5 hxg5 18. Ng3 Nxd2 19. Kxd2 Qa5+ 20. c3 O-O-O 21. Bd3
e5 22. dxe5 d4 23. Qe4 Qxc3+ 24. Ke2 Qb2+ 25. Bc2 d3+ 26. Qxd3 Bg4+ 27. Ke3
Rxd3+ 28. Bxd3 Qxe5+ 29. Kd2 Rd8 30. Nf1 Qf4+ 31. Ne3 Ne5 32. Rac1+ Kb8 33. Rhf1
Rxd3+ 0-1

[Event "Women's Speed Chess Q2"]
[Site "chess.com INT"]
[Date "2020.06.19"]
[Round "11"]
[White "Antolak, Julia"]
[Black "Tomilova, Elena"]
[Result "0-1"]
[WhiteTitle "WIM"]
[BlackTitle "WGM"]
[WhiteElo "2323"]
[BlackElo "2353"]
[WhiteFideId "1159569"]
[BlackFideId "4162340"]
[EventDate "2020.06.19"]

1. e4 e6 2. d4 d5 3. Nd2 c5 4. exd5 exd5 5. Bb5+ Nc6 6. Ngf3 Qe7+ 7. Qe2 Qxe2+
8. Bxe2 Bf5 9. c3 cxd4 10. Nxd4 Nxd4 11. cxd4 Nf6 12. Bf3 Bd6 13. O-O O-O 14.
Nb3 Rac8 15. Bg5 Ne4 16. Bxe4 dxe4 17. Rac1 Be6 18. Rfe1 Bd5 19. Be3 b6 20. g3
f5 21. Rc3 Rxc3 22. bxc3 Rc8 23. Rc1 Kf7 24. Kf1 Ba3 25. Rc2 Bc4+ 26. Kg2 Bd3
27. Rd2 Rxc3 28. f3 Bc4 29. Bf4 exf3+ 30. Kf2 Ke6 31. Be5 g5 32. h4 h6 33. hxg5
hxg5 34. Bg7 Kd5 35. Bf6 g4 36. Be5 Bxb3 37. axb3 Rxb3 38. Rc2 Rb2 0-1

[Event "Women's Speed Chess Q2"]
[Site "chess.com INT"]
[Date "2020.06.19"]
[Round "11"]
[White "Matveeva, Olga"]
[Black "Rakhmangulova, Anastasiya"]
[Result "0-1"]
[WhiteTitle "WIM"]
[BlackTitle "WIM"]
[WhiteElo "2171"]
[BlackElo "2191"]
[WhiteFideId "24107018"]
[BlackFideId "14117479"]
[EventDate "2020.06.19"]

1. d4 d5 2. c4 c6 3. Nf3 Nf6 4. e3 Bf5 5. Nc3 e6 6. Nh4 Be4 7. Nxe4 Nxe4 8. Nf3
Nd7 9. Bd3 f5 10. O-O Bd6 11. b3 O-O 12. Bb2 Rf6 13. Ne5 Rh6 14. g3 Nxe5 15.
dxe5 Bc5 16. Kg2 Qg5 17. cxd5 exd5 18. Rc1 Bb6 19. Bd4 Re8 20. f4 Rxh2+ 21. Kxh2
Qxg3+ 22. Kh1 Qh3+ 23. Kg1 Re6 24. Bxe4 dxe4 25. Kf2 Rg6 26. Rg1 Qh2+ 0-1

[Event "Women's Speed Chess Q2"]
[Site "chess.com INT"]
[Date "2020.06.19"]
[Round "11"]
[White "Arakhamia-Grant, Ketevan"]
[Black "Protopopova, Anastasiya"]
[Result "1-0"]
[WhiteTitle "GM"]
[BlackTitle "WFM"]
[WhiteElo "2380"]
[BlackElo "2192"]
[WhiteFideId "13600168"]
[BlackFideId "24172073"]
[EventDate "2020.06.19"]

1. e4 c6 2. d4 d5 3. e5 Bf5 4. Nd2 e6 5. Nb3 Ne7 6. Nf3 Bg6 7. Be2 Nf5 8. O-O h5
9. a4 h4 10. h3 Be7 11. a5 O-O 12. Bf4 Nd7 13. Qd2 c5 14. c3 cxd4 15. cxd4 Nb8
16. Bg5 Nc6 17. Bxe7 Qxe7 18. Rfc1 Rac8 19. a6 b6 20. Rc3 Nb8 21. Rac1 Qd7 22.
Qf4 Rxc3 23. Rxc3 Rc8 24. Nxh4 Nxh4 25. Qxh4 Rxc3 26. bxc3 Bc2 27. Nd2 Qc7 28.
Nf3 Nc6 29. Ng5 Ne7 30. Bh5 Nf5 31. Bxf7+ Qxf7 32. Qh7+ Kf8 33. Nxf7 Kxf7 34.
Qh8 Bd3 35. Qb8 1-0

[Event "Women's Speed Chess Q2"]
[Site "chess.com INT"]
[Date "2020.06.19"]
[Round "11"]
[White "Monteiro, Sara Cristina da Silva"]
[Black "Chen, Yining"]
[Result "1-0"]
[WhiteTitle "WCM"]
[BlackTitle "WCM"]
[WhiteElo "1709"]
[BlackElo "1745"]
[WhiteFideId "1909860"]
[BlackFideId "8620946"]
[EventDate "2020.06.19"]

1. d4 Nf6 2. Bg5 e6 3. Nf3 d5 4. e3 c5 5. c3 Nc6 6. Nbd2 Be7 7. Rc1 O-O 8. Bd3
h6 9. Bh4 b6 10. O-O Bb7 11. Bb1 Rc8 12. Qc2 g6 13. Rfe1 Ne8 14. Bg3 Ng7 15. e4
dxe4 16. Nxe4 cxd4 17. Qb3 dxc3 18. Nxc3 Nd4 19. Nxd4 Qxd4 20. Rcd1 Qc5 21. Kh1
Rfd8 22. Ne4 Bxe4 23. Bxe4 Bf6 24. Rc1 Qxc1 25. f3 Qc4 26. Qe3 Nf5 27. Bxf5 exf5
28. Qxh6 Bg7 29. Qg5 Re8 30. Rg1 1-0

[Event "Women's Speed Chess Q2"]
[Site "chess.com INT"]
[Date "2020.06.19"]
[Round "11"]
[White "Mammadova, Gulnar"]
[Black "Mkrtchian, Lilit"]
[Result "1-0"]
[WhiteTitle "IM"]
[BlackTitle "IM"]
[WhiteElo "2382"]
[BlackElo "2388"]
[WhiteFideId "13403508"]
[BlackFideId "13300601"]
[EventDate "2020.06.19"]

1. e4 c5 2. Nf3 Nc6 3. Bb5 g6 4. Bxc6 bxc6 5. O-O Bg7 6. h3 d6 7. c3 Nf6 8. Re1
O-O 9. d4 cxd4 10. cxd4 Bb7 11. Nc3 Nd7 12. Bf4 c5 13. e5 cxd4 14. exd6 exd6 15.
Nxd4 Ne5 16. Ndb5 Qf6 17. Bg3 Rfd8 18. Nc7 Rab8 19. N3d5 Qg5 20. h4 Qg4 21. Bxe5
Qxd1 22. Ne7+ Kf8 23. Bxg7+ Kxg7 24. Raxd1 Rd7 25. Ncd5 Ba6 26. b3 Rb5 27. Nc6
Rc5 28. Ncb4 Bb7 29. Ne3 a5 30. Nbd5 Bc6 31. Rd4 Ra7 32. Rc4 Rxd5 33. Rxc6 Rd2
34. Rc2 Rd4 35. Rd1 a4 36. Rxd4 1-0

[Event "Women's Speed Chess Q2"]
[Site "chess.com INT"]
[Date "2020.06.19"]
[Round "11"]
[White "Daulyte-Cornette, Deimante"]
[Black "Danielian, Elina"]
[Result "0-1"]
[WhiteTitle "IM"]
[BlackTitle "GM"]
[WhiteElo "2400"]
[BlackElo "2407"]
[WhiteFideId "12802859"]
[BlackFideId "13300210"]
[EventDate "2020.06.19"]

1. e4 d6 2. d4 Nf6 3. Nc3 c6 4. f4 Qa5 5. Bd3 e5 6. Nf3 Bg4 7. Be3 Qb6 8. Na4
Qc7 9. O-O Nbd7 10. Nc3 exd4 11. Bxd4 Be7 12. Qe1 Bxf3 13. Rxf3 O-O 14. Rh3 Rfe8
15. e5 dxe5 16. fxe5 Nxe5 17. Qg3 Rad8 18. Be3 Bd6 19. Qh4 Nxd3 20. cxd3 Rxe3
21. Rxe3 Bc5 22. Re1 Qb6 23. Qg5 h6 24. Qf4 Bxe3+ 25. Qxe3 Qxb2 26. Ne4 Nxe4 27.
Qxe4 Qd4+ 28. Qxd4 Rxd4 29. Re8+ Kh7 30. Re7 Rxd3 31. Rxb7 Ra3 32. Rxf7 Rxa2 33.
Rc7 Ra6 34. Kf2 Kg6 35. Ke3 Kf6 36. Kd4 g6 37. Kc5 h5 38. h4 Kf5 39. Rg7 Ra2 40.
Kxc6 Rxg2 41. Rxa7 Rg4 42. Kd5 Rxh4 43. Rf7+ Kg5 44. Ke5 Rh1 45. Rf2 Re1+ 46.
Kd4 h4 47. Kd3 h3 48. Kd2 Re8 0-1

[Event "Women's Speed Chess Q2"]
[Site "chess.com INT"]
[Date "2020.06.19"]
[Round "11"]
[White "Zawadzka, Jolanta"]
[Black "Gaponenko, Inna"]
[Result "0-1"]
[WhiteTitle "WGM"]
[BlackTitle "IM"]
[WhiteElo "2419"]
[BlackElo "2396"]
[WhiteFideId "1122320"]
[BlackFideId "14101181"]
[EventDate "2020.06.19"]

1. e4 g6 2. d4 Bg7 3. Nc3 d6 4. Be3 a6 5. Qd2 b5 6. Bd3 Nd7 7. Nf3 c5 8. a4 b4
9. Na2 Bb7 10. c3 a5 11. O-O cxd4 12. cxd4 Ngf6 13. d5 O-O 14. Nc1 Ng4 15. Bd4
Nde5 16. Nxe5 Nxe5 17. Bb5 Rc8 18. Nb3 e6 19. dxe6 fxe6 20. f3 d5 21. Bxe5 Bxe5
22. f4 Bc7 23. e5 Bb6+ 24. Nd4 Rc4 25. Bxc4 dxc4 26. Rad1 Qd5 27. Kh1 Bxd4 28.
f5 exf5 29. e6 Re8 30. Qg5 Qe5 31. Rde1 Qf6 32. Qf4 Bxb2 33. Qc7 Ba8 34. Qxc4
Bc3 35. e7+ Qf7 36. Qc7 Bxe1 37. Rxe1 Be4 38. Qxa5 Qxe7 39. Kg1 Qf7 40. Qxb4
Qa7+ 41. Kh1 Qf2 42. Rg1 Bxg2+ 43. Rxg2 0-1

[Event "Women's Speed Chess Q2"]
[Site "chess.com INT"]
[Date "2020.06.19"]
[Round "11"]
[White "Castillo Pena, Patricia Evarista"]
[Black "Bouah, Denise"]
[Result "0-1"]
[WhiteTitle "WCM"]
[BlackTitle "WIM"]
[WhiteElo "1770"]
[BlackElo "1770"]
[WhiteFideId "6412106"]
[BlackFideId "14300818"]
[EventDate "2020.06.19"]

1. d4 d6 2. Nc3 Nf6 3. e4 g6 4. Nf3 Bg7 5. Be3 O-O 6. Qd2 a6 7. h4 h5 8. Be2 Ng4
9. Bg5 Nc6 10. Rd1 b5 11. a3 Rb8 12. e5 dxe5 13. dxe5 Qxd2+ 14. Rxd2 Ncxe5 15.
Nxe5 Nxe5 16. Bxe7 Re8 17. Rd8 Bf5 18. Rxb8 Rxb8 19. O-O Re8 20. Bg5 Bxc2 21.
Nd5 c6 22. Nc7 Rc8 23. Nxa6 Nd3 24. b4 Ra8 25. Nc7 Rxa3 26. Be3 Rb3 27. Bxd3
Bxd3 28. Rd1 Be2 29. Rd8+ Kh7 30. Bc5 Rb1+ 31. Kh2 Be5+ 0-1

[Event "Women's Speed Chess Q2"]
[Site "chess.com INT"]
[Date "2020.06.19"]
[Round "11"]
[White "Filippova, Margarita"]
[Black "Divya, Deshmukh"]
[Result "0-1"]
[WhiteTitle "WFM"]
[BlackTitle "WIM"]
[WhiteElo "1931"]
[BlackElo "2305"]
[WhiteFideId "34199680"]
[BlackFideId "35006916"]
[EventDate "2020.06.19"]

1. Nf3 d5 2. d4 Nf6 3. c4 c6 4. Nc3 Bf5 5. Qb3 Qb6 6. c5 Qxb3 7. axb3 Nbd7 8. b4
a6 9. b5 cxb5 10. Nxb5 Rc8 11. Nc3 e6 12. Bf4 h6 13. h3 Ne4 14. e3 Be7 15. Nxe4
Bxe4 16. b4 Bxf3 17. gxf3 e5 18. dxe5 Bd8 19. Rg1 g5 20. Bh2 a5 21. bxa5 Rxc5
22. a6 Ba5+ 23. Kd1 bxa6 24. Bxa6 Ke7 25. Bd3 Rb8 26. e6 Rb3 27. Bc2 Rb2 28.
exd7 Rcxc2 29. Rxa5 Rd2+ 30. Kc1 Rdc2+ 31. Kd1 Rxf2 32. Kc1 Rfc2+ 33. Kd1 Rxh2
34. Kc1 Rhc2+ 35. Kd1 Kxd7 36. Rxd5+ Ke6 37. Rd8 Rh2 38. Kc1 Ra2 39. Kb1 Rab2+
40. Kc1 Ra2 41. Kb1 Rhb2+ 42. Kc1 Re2 43. Kb1 Ra3 44. Re8+ Kf6 45. e4 Rxf3 46.
Rc1 Rb3+ 47. Ka1 Rxh3 48. Rc6+ Kg7 49. Rc1 Rhe3 50. Rc4 Rd3 51. Rc1 Rdd2 52. Rh1
Rd4 0-1

[Event "Women's Speed Chess Q2"]
[Site "chess.com INT"]
[Date "2020.06.19"]
[Round "11"]
[White "Bogumil, Tatiana"]
[Black "Doluhanova, Evgeniya"]
[Result "0-1"]
[WhiteTitle "WGM"]
[BlackTitle "WGM"]
[WhiteElo "2182"]
[BlackElo "2229"]
[WhiteFideId "4110579"]
[BlackFideId "14112035"]
[EventDate "2020.06.19"]

1. Nf3 Nf6 2. c4 e6 3. b3 b6 4. g3 Bb7 5. Bg2 Be7 6. Bb2 O-O 7. O-O c5 8. d4
cxd4 9. Qxd4 Nc6 10. Qd1 d5 11. cxd5 Qxd5 12. Nc3 Qxd1 13. Rfxd1 Rfd8 14. Ne5
Na5 15. Bxb7 Nxb7 16. Nc6 Rxd1+ 17. Rxd1 Bf8 18. Nb5 a6 19. Nbd4 Nd5 20. e4 Nc7
21. Ne5 Nb5 22. Nd7 Rd8 23. Nxb5 axb5 24. Rd3 Be7 25. Kf1 f6 26. Ke2 Ra8 27. a4
bxa4 28. bxa4 Rxa4 29. Nxb6 Rxe4+ 30. Re3 Rb4 31. Rxe6 Rxb2+ 32. Kf3 Kf7 33. Rc6
Nd8 0-1

[Event "Women's Speed Chess Q2"]
[Site "chess.com INT"]
[Date "2020.06.19"]
[Round "11"]
[White "Tsotsonava, Elene"]
[Black "Lesbekova, Asel"]
[Result "0-1"]
[WhiteTitle "WFM"]
[BlackTitle "WCM"]
[WhiteElo "2012"]
[BlackElo "1920"]
[WhiteFideId "13615939"]
[BlackFideId "13713248"]
[EventDate "2020.06.19"]

1. e4 c5 2. Nf3 Nc6 3. d4 cxd4 4. Nxd4 e5 5. Nb5 d6 6. c4 Be7 7. N1c3 a6 8. Na3
Be6 9. Be2 Nd4 10. Be3 Nxe2 11. Qxe2 Nf6 12. O-O O-O 13. f3 Nh5 14. Qd2 f5 15.
exf5 Rxf5 16. Ne4 Nf4 17. Rfd1 d5 18. cxd5 Bxd5 19. Bxf4 exf4 20. Nc3 Qb6+ 21.
Kh1 Bf7 22. Qc2 Rh5 23. Ne4 Qh6 24. h3 Be6 25. Nf2 Rc8 26. Qe2 Bc5 27. Ng4 Qg6
28. Rac1 Re8 29. Rxc5 Rxc5 30. Ne5 Qg3 31. Nd3 Rh5 32. Nc4 Bd7 33. Nce5 Bxh3 0-1